000 00842nam a2200241 i 4500
001 44839
003 ES-MaACL
005 20250809035212.0
007 t|
008 030324s1870 sp ||||1| spa d
080 _a343(460)"1870"(094.4)
110 1 _aEspaña.
_tCódigo penal, 1870.
_9152867
240 1 0 _aCódigo penal, 1870
245 1 0 _aCódigo penal reformado :
_bmandado publicar provisionalmente en virtud de autorización concedida al Gobierno por la ley de 17 de junio de 1870.
250 _aEd oficial.
260 _aMadrid :
_b[s.n.],
_c1870 (
_fImp. del Ministerio de Gracia y Justicia)
300 _a166 p. ;
_c25 cm.
610 1 4 _aEspaña.
_tCódigo penal, 1870.
_9152867
650 4 _aDerecho penal-
_zEspaña
_911752
852 4 _aES-MaACL
_jB-5270
852 4 _aES-MaACL
_jC-2395
999 _c44839
_d44839